000 00872nam a2200289 a 4500
008
020 _a0750706031 (pbk.)
049 _aMAIN
090 _aPN146
245 0 0 _aOn writing qualitative research :
_bliving by words /
_cMargot Ely ... [et al.].
260 _aLondon :
_bFalmer Press,
_c1997.
300 _aix, 411 p. :
_bill. ;
_c24 cm.
440 1 _a[The Falmer Press teachers' library].
504 _aIncludes bibliographical references.
500 _aIncludes index.
650 0 _aEnglish language
_xRhetoric.
650 0 _aResearch
_xMethodology.
650 0 _aNarration (Rhetoric).
650 0 _aAcademic writing.
650 6 _aNarration.
700 1 _aEly, Margot.
907 _a.b10027324
_b20-09-04
_c17-04-03
003
005 20230123133145.0
040 _cNUST
942 _cBOOKS
_kPN146
999 _c143729
_d143729